ENCYCLOPEDIA OF DINOSAURS AND PREHISTORIC LIFE (Record no. 11196)

MARC details
000 -LEADER
fixed length control field 00323nam a22000977a 4500
008 - FIXED-LENGTH DATA ELEMENTS--GENERAL INFORMATION
fixed length control field 181009b ||||| |||| 00| 0 eng d
020 ## - INTERNATIONAL STANDARD BOOK NUMBER
International Standard Book Number 9781786173249
100 ## - MAIN ENTRY--PERSONAL NAME
Personal name PARKER, STEVE
9 (RLIN) 6952
245 ## - TITLE STATEMENT
Title ENCYCLOPEDIA OF DINOSAURS AND PREHISTORIC LIFE
Remainder of title The beginning of life to the first humans
260 ## - PUBLICATION, DISTRIBUTION, ETC. (IMPRINT)
Place of publication, distribution, etc. China
Name of publisher, distributor, etc. Milskelly.net
Date of publication, distribution, etc. 2017
Holdings
Withdrawn status Lost status Source of classification or shelving scheme Damaged status Koha normalized classification for sorting Not for loan Home library Current library Shelving location Date acquired Total Checkouts Full call number Barcode Date last seen Date last checked out Price effective from Koha item type
    Dewey Decimal Classification   PAR_030_000000000000000_A4   Good Samaritan School Library Good Samaritan School Library Encyclopaedia 10/09/2018 1 PAR030 A-4 PAR16169 08/26/2022 07/13/2022 10/09/2018 BOOK

Powered by Koha